| 000 | 00426 a2200157 4500 | ||
|---|---|---|---|
| 003 | Nust | ||
| 005 | 20170207153212.0 | ||
| 040 | _cNust | ||
| 082 | _a005.1 | ||
| 100 | _aButt, Aisha MSCS | ||
| 245 |
_aUnsupervised scene analysis using hidden markov model approach and image differencing technique _cAisha Butt MSCS |
||
| 260 |
_bMCS _c2008 |
||
| 300 | _a63 p. | ||
| 538 | _aAlmirah No 69 Shelf No 4 | ||
| 650 | _aMSCS Thesis | ||
| 942 |
_2ddc _cBK |
||
| 999 |
_c181415 _d181415 |
||